000 00227nam a2200097Ia 4500
008 230915s9999 xx 000 0 und d
050 _aSF 525 .S78 2010
100 _aSTUART F.S.
245 0 _aBEE-KEEPING PRACTICE
942 _cBK
999 _c202092
_d202092